4th Gen K-Pop Idols by Group 2023 - Statistics

General Stats
  • This quiz has been taken 9,295 times
    4,192 since last reset
  • The average score is 41 of 61
Answer Stats
Answer % Correct
Karina
96%
Winter
95%
J
94%
Ningning
93%
Giselle
92%
Sakura
89%
Chaewon
88%
Danielle
88%
Wonyoung
88%
Ni-ki
87%
Yunjin
87%
Hanni
86%
Eunchae
85%
Kazuha
85%
Jake
84%
Jay
84%
Lily
82%
Minji
81%
Sunghoon
81%
Sunoo
80%
Yujin
80%
Yujin
80%
Heeseung
78%
Haerin
77%
Jungwon
77%
Liz
77%
Rei
77%
Soobin
77%
Yeonjun
76%
Hyein
75%
Beomgyu
72%
Huening Kai
72%
San
72%
Gaeul
70%
Taehyun
70%
Leeseo
69%
Haewon
65%
Bae
64%
Sullyoon
63%
Mingi
60%
Wooyoung
60%
Kyujin
57%
Jiwoo
55%
Hongjoong
52%
Jongho
52%
Seonghwa
52%
Yeosang
52%
Yunho
51%
Xiaoting
45%
Isa
43%
Yoon
43%
Hikaru
41%
Huening Bahiyyih
41%
Sieun
40%
Mashiro
38%
Seeun
38%
Chaehyun
34%
Dayeon
34%
Sumin
34%
Yeseo
34%
Youngeun
29%
No matching quizzes found
Score Distribution
Percent of People with Each Score
Percentile by Number Answered
Your Score History
You have not taken this quiz since the last reset